Normal view
MARC view
- RISSE, JOUSEPH A
Entry Personal Name
001 - CONTROL NUMBER
- control field: 56087
003 - CONTROL NUMBER IDENTIFIER
- control field: NUST
005 - DATE AND TIME OF LATEST TRANSACTION
- control field: 20210628201628.0
008 - FIXED-LENGTH DATA ELEMENTS
- fixed length control field: 210628|| aca||aabn | a|a d
040 ## - CATALOGING SOURCE
- Original cataloging agency: NUST
- Transcribing agency: NUST
100 ## - HEADING--PERSONAL NAME
- Personal name: RISSE, JOUSEPH A
670 ## - SOURCE DATA FOUND
- Source citation: Work cat.: (NUST): RISSE, JOUSEPH A, KONW YOUR VOM-VTVM, 1963
